El espíritu de la liturgia: una introducción

Guardado en:
Detalles Bibliográficos
Autor principal: Ratzinger, Joseph, Papa (autor)
Formato: Libro
Lenguaje:español
Publicado: Madrid Ediciones Cristiandad 2009
Edición:5a. ed
Materias:
Etiquetas: Agregar Etiqueta
Sin Etiquetas, Sea el primero en etiquetar este registro!

MARC

LEADER 00000cam a2200000 a 4500
001 UCE2022
003 CL-VaPUC
008 140605e20091100sp |||||||||||||||||spa|d
020 |a 9788470575037 
082 0 4 |a 264.02  |b RAT  |2 21 
100 |a Ratzinger, Joseph,   |c Papa  |e autor   |9 494399 
245 1 3 |a El espíritu de la liturgia: una introducción 
250 |a 5a. ed 
300 |a 274 p 
942 |c BK 
945 |d 20140605 14:22:00  |a dcastane 
260 |a Madrid  |b Ediciones Cristiandad  |c 2009 
650 0 |a Liturgia católica  |9 516111 
650 0 |a Ceremonias  |9 337653 
650 0 |a Textos sagrados   |9 257605 
650 0 |a Teología cristiana  |9 308336 
583 |a last modification  |c 20140605 14:22:00  |k Rodrigo Vera 
999 |c 355702  |d 355700 
952 |0 0  |1 0  |3 erb  |4 0  |6 264_020000000000000_RAT_2009  |7 0  |8 A  |9 462521  |a BIBTEO  |b BIBTEO  |i 5081416  |o 264.02 RAT 2009  |p 5081416  |r 2025-01-17  |w 2019-11-23  |y BK  |z Catalogado en:20140605  |k ICR